|
|
|
|
| LEADER |
00992nam a2200241 a 4500 |
| 001 |
13017899 |
| 008 |
110223s2003 nyua b 001 0 eng d |
| 010 |
|
|
|a 2002044523
|
| 020 |
|
|
|a 0387001638 (softcover : alk. paper)
|
| 040 |
|
|
|a DLC
|c DLC
|d DLC
|d BD-DhAAL
|
| 082 |
0 |
0 |
|a 005.1
|2 21
|
| 100 |
1 |
|
|a Skiena, Steven S.
|
| 245 |
1 |
0 |
|a Programming challenges :
|b the programming contest training manual /
|c Steven S. Skiena, Miguel A. Revilla.
|
| 260 |
|
|
|a New York :
|b Springer,
|c c2003.
|
| 300 |
|
|
|a xix, 359 p. :
|b ill. ;
|c 24 cm.
|
| 490 |
0 |
|
|a Texts in computer science
|
| 504 |
|
|
|a Includes bibliographical references (p. [350]-352) and index.
|
| 541 |
1 |
|
|e 00021970
|
| 650 |
|
0 |
|a Computer programming.
|
| 700 |
1 |
|
|a Revilla, Miguel A.
|
| 852 |
4 |
|
|a Ayesha Abed Library
|j General shelf
|
| 999 |
|
|
|c 10478
|d 10478
|
| 952 |
|
|
|0 0
|1 0
|2 ddc
|4 0
|6 005_100000000000000_SKI
|7 0
|9 14430
|a BRACUL
|b BRACUL
|c GEN
|d 2011-02-24
|e Karim International
|g 4.00
|l 26
|m 264
|o 005.1 SKI
|p 3010021970
|r 2025-10-15
|s 2025-08-09
|t 1
|w 2011-02-24
|y BK
|